000
00290nam a22001337a 4500
008
181101b xxu||||| |||| 00| 0 eng d
020
_a
2900321706224
041
_a
eng
080
_2
8th
_a
610
100
_a
42
101
_a
GJEO
245
_a
Geosystems
_c
Christopherson
942
_2
udc
_c
BK
999
_c
51528
_d
51528